| 000 | 00516nam a2200181Ia 4500 | ||
|---|---|---|---|
| 008 | 240925s9999 xx 000 0 und d | ||
| 020 | _a71006931 | ||
| 082 | _a621.381535 DAI | ||
| 100 | _aDailey, Denton J. | ||
| 245 | 0 | _aOperational Amplifiers and Linear Intrgrated Circuits Theory and Applications | |
| 250 | _aNA | ||
| 260 |
_aLake Forest: _bMc Graw-Hill _c,1989. |
||
| 300 |
_axix,715p. _bNA _fPirated |
||
| 500 | _aIncludes Index | ||
| 600 | _aElectronic Engineering | ||
| 650 | _aTechnology | ||
| 942 | _cBK | ||
| 999 |
_c3442 _d3442 |
||